U.S. National Weather Service Offices (with map) - Statistics

General Stats
  • This quiz has been taken 829 times
  • The average score is 76 of 122
Answers on the Map
Answers color-coded by a green-red scale on the quiz's map according to % correct below.
 
Answer Stats
Office % Correct
Fort Worth/Dallas
94%
Los Angeles
94%
Miami-South Florida
93%
New York
93%
Chicago
92%
Gray-Portland
92%
Houston/Galveston
92%
Portland
92%
Seattle/Tacoma
92%
Detroit/Pontiac
91%
New Orleans/Baton Rouge
91%
Boston/Norton
90%
Jackson, KY
90%
Jackson, MS
90%
Peachtree City
90%
San Francisco Bay Area
90%
Baltimore/Washington
89%
Phoenix
89%
Austin/San Antonio
88%
Denver/Boulder
88%
Las Vegas
88%
Tampa Bay Area
87%
Buffalo
86%
Jacksonville
86%
Philadelphia/Mt. Holly
86%
San Diego
86%
Albuquerque
85%
El Paso
85%
Twin Cities
85%
Salt Lake City
84%
Cleveland
83%
Honolulu
83%
Nashville
83%
Boise
82%
Sacramento
82%
St. Louis
82%
Kansas City/Pleasant Hill
81%
Anchorage
80%
Memphis
79%
Milwaukee/Sullivan
79%
Pittsburgh
79%
Tallahassee
79%
Charleston, SC
78%
Charleston, WV
78%
Indianapolis
78%
Raleigh
78%
Albany
77%
Little Rock
77%
Reno
77%
Birmingham
76%
Juneau
76%
Cheyenne
75%
Mobile/Pensacola
75%
Tucson
75%
Tulsa
75%
Louisville
73%
Omaha/Valley
73%
Billings
72%
Bismarck
71%
Des Moines
71%
Green Bay
71%
Spokane
68%
Wichita
68%
Fairbanks
67%
Grand Rapids
67%
Topeka
67%
Central Illinois
66%
Springfield
66%
Corpus Christi
64%
Sioux Falls
64%
Columbia
63%
Brownsville/Rio Grande Valley
62%
Duluth
62%
San Juan
62%
Amarillo
61%
Flagstaff
59%
Morristown
58%
Lubbock
56%
Northern Indiana
56%
Shreveport
56%
Huntsville
53%
Burlington
52%
Wilmington, NC
52%
Wilmington, OH
52%
Eureka
47%
Midland/Odessa
47%
Missoula
46%
Norman
43%
Pueblo
42%
Rapid City
42%
Marquette
41%
Grand Junction
40%
Quad Cities
40%
Greenville-Spartanburg
38%
Newport/Morehead City
37%
Tiyan
36%
Elko
33%
Grand Forks
33%
Great Falls
33%
Lake Charles
33%
Binghampton
32%
Melbourne
31%
Dodge City
30%
Paducah
30%
Medford
29%
Pocatello
28%
State College
28%
La Crosse
26%
San Angelo
23%
Blacksburg
22%
North Platte
21%
Aberdeen
19%
Caribou
19%
Gaylord
17%
Key West
17%
Goodland
13%
Western and Central Wyoming
13%
Glasgow
12%
Hastings
12%
Pendleton
12%
San Joaquin Valley
12%
Wakefield
9%
No matching quizzes found
Score Distribution
Percent of People with Each Score
Percentile by Number Answered
Your Score History
You have not taken this quiz